Ex libris
| Main Author: | |
|---|---|
| Format: | Book |
| Language: | English |
| PhysicalDescription: | [2] s. 10 exlib. |
| Published: |
[Turnov]
[s.n.]
1942
|
MARC
| LEADER | 00000nam a2200000 a 4500 | ||
|---|---|---|---|
| 001 | vtls009476210 | ||
| 003 | SK-MaSNL | ||
| 005 | 20260302054502.0 | ||
| 008 | 240314 000 0 eng | ||
| 040 | |a SNK |b slo |c SNK |e AACR2 | ||
| 100 | 1 | |a Kinský, Karel |4 aut |9 713790 | |
| 245 | 1 | 0 | |a Ex libris |c Karel Kinský |
| 260 | |a [Turnov] |b [s.n.] |c 1942 | ||
| 300 | |a [2] s. |e 10 exlib. | ||
| 999 | |c 1113458 |d 1115388 | ||
| 952 | |t 12 listov |a SNK |b SNK |y PREZ |7 0 |p 17A0611157 |o snkIC 14721 |i snk4044/56 |3 rekatalogizácia ; 12 listov -- 12 listov |z 12 listov |0 0 |1 0 |4 0 |d 2009-02-23 |l 0 |r 2026-02-24 18:08:08 |w 2026-02-24 | ||


